Baby Names: 'L' Girl Names By Decade Quiz Stats

 Plays Quiz Updated Nov 5, 2018

Challenge
Share
Tweet
Embed
Score 0/65 Timer 08:00
14 Plays Today
Decade Name % Correct
1880sLaura
89.5%
1890sLaura
89.5%
1900sLaura
89.5%
1910sLaura
89.5%
1940sLaura
89.5%
1950sLaura
89.5%
1960sLaura
89.5%
1970sLaura
89.5%
1980sLaura
89.5%
1990sLaura
89.5%
1950sLisa
78.6%
1960sLisa
78.6%
1970sLisa
78.6%
1980sLisa
78.6%
1980sLauren
76.4%
1990sLauren
76.4%
2000sLauren
76.4%
1940sLinda
76.2%
1950sLinda
76.2%
1960sLinda
76.2%
1970sLinda
76.2%
2000sLily
67.6%
1880sLouise
55.4%
1890sLouise
55.4%
1900sLouise
55.4%
1910sLouise
55.4%
1920sLouise
55.4%
1930sLouise
55.4%
1940sLouise
55.4%
1950sLori
52.2%
1960sLori
52.2%
1970sLori
52.2%
1950sLynn
50.7%
Decade Name % Correct
1980sLindsey
49.2%
1990sLindsey
49.2%
1880sLillian
48.7%
1890sLillian
48.7%
1900sLillian
48.7%
1910sLillian
48.7%
1920sLillian
48.7%
1930sLillian
48.7%
2000sLillian
48.7%
1980sLindsay
48.5%
1990sLindsay
48.5%
1990sLeah
47.6%
2000sLeah
47.6%
1900sLucille
47.2%
1910sLucille
47.2%
1920sLucille
47.2%
1970sLeslie
46.2%
2000sLeslie
46.2%
1960sLaurie
45.9%
1910sLois
39.8%
1920sLois
39.8%
1930sLois
39.8%
1940sLois
39.8%
1890sLena
37.8%
1920sLorraine
32.6%
1930sLorraine
32.6%
1940sLorraine
32.6%
1930sLoretta
27.1%
1880sLillie
22.4%
1890sLillie
22.4%
1900sLillie
22.4%
1880sLula
16.8%

You're not logged in!

Compare scores with friends on all Sporcle quizzes.
Join for Free
OR
Log In

You Might Also Like...

Show Comments

Extras

Top Quizzes Today


Score Distribution

Your Account Isn't Verified!

In order to create a playlist on Sporcle, you need to verify the email address you used during registration. Go to your Sporcle Settings to finish the process.

Report this User

Report this user for behavior that violates our Community Guidelines.

Details: